[Event "4NCL"]
[Site "Barcelo Hotel, Hinkley Island,"]
[Date "2011.01.15"]
[Round "3.51"]
[White "Sharpe, Ian W"]
[Black "Yeo, Michael J"]
[Result "1/2-1/2"]
[WhiteElo "2250"]
[BlackElo "2189"]
[PlyCount "128"]
[EventDate "2011.??.??"]
[WhiteTeam "Guildford A&DC 2"]
[BlackTeam "Wessex 1"]

1. c4 Nf6 2. Nc3 d5 3. cxd5 Nxd5 4. g3 g6 5. Bg2 Nxc3 6. bxc3 Bg7 7. Rb1 Nc6 8.
Nf3 O-O 9. O-O Na5 10. Qc2 c5 11. c4 Qc7 12. d3 Nc6 13. Be3 b6 14. Qd2 Bb7 15.
Bh6 Rad8 16. h4 Ne5 17. Bxg7 Nxf3+ 18. Bxf3 Kxg7 19. Bxb7 Qxb7 20. a4 Rd6 21.
a5 Qd7 22. Rb5 f6 23. Rfb1 Qc7 24. axb6 axb6 25. Ra1 Rb8 26. Ra6 h5 27. Qa2 Kf7
28. Rb3 g5 29. Qd2 Rg8 30. hxg5 Rxg5 31. Qf4 Qb7 32. Rba3 Rd4 33. e4 Rxd3 34.
Ra7 Rd1+ 35. Kg2 Qc8 36. Rc7 Qg4 37. Qxg4 hxg4 38. Rb7 Rc1 39. Rxb6 Rh5 40. f3
Rc2+ 41. Kg1 Rhh2 42. fxg4 Rhe2 43. Kf1 Rxe4 44. g5 fxg5 45. Rf3+ Ke8 46. Rf5
Rexc4 47. Rxg5 Rh2 48. Kg1 Re2 49. Kf1 Ra2 50. Rb1 Kd7 51. Re1 Rcc2 52. Rge5
Rf2+ 53. Kg1 Rg2+ 54. Kh1 Rxg3 55. Rxe7+ Kd6 56. Re8 c4 57. Rc1 c3 58. Rc8 Ra3
59. Kh2 Re3 60. Kg1 Kd5 61. Kf2 Rd3 62. Ke2 Rh3 63. Rd1+ Ke6 64. Rc6+ Ke5
1/2-1/2

[Event "4NCL"]
[Site "Barcelo Hotel, Hinkley Island,"]
[Date "2011.01.15"]
[Round "3.52"]
[White "Simons, Martin J"]
[Black "Osborne, Marcus E"]
[Result "1/2-1/2"]
[WhiteElo "2186"]
[BlackElo "2231"]
[PlyCount "62"]
[EventDate "2011.??.??"]
[WhiteTeam "Wessex 1"]
[BlackTeam "Guildford A&DC 2"]

1. e4 e6 2. Nf3 d5 3. Nc3 Nf6 4. exd5 exd5 5. d4 Bb4 6. Bd3 O-O 7. O-O Bg4 8.
h3 Bh5 9. Bg5 c6 10. g4 Bg6 11. Ne2 Nbd7 12. Ne5 Bxd3 13. Qxd3 Be7 14. Ng3 Nxe5
15. dxe5 Nd7 16. Bxe7 Qxe7 17. f4 f6 18. exf6 Nxf6 19. g5 Ne4 20. Nxe4 dxe4 21.
Qe3 Kh8 22. Rad1 Qe6 23. b3 Rae8 24. Rd4 Qf5 25. Kg2 Re6 26. Rd7 h6 27. h4 Rg6
28. Rdd1 Kg8 29. Qh3 Qc5 30. f5 Rd6 31. Rxd6 Qxd6 1/2-1/2

[Event "4NCL"]
[Site "Barcelo Hotel, Hinkley Island,"]
[Date "2011.01.15"]
[Round "3.53"]
[White "Meyer, Gordon"]
[Black "Lock, Gavin R"]
[Result "0-1"]
[WhiteElo "2166"]
[BlackElo "2176"]
[PlyCount "136"]
[EventDate "2011.??.??"]
[WhiteTeam "Guildford A&DC 2"]
[BlackTeam "Wessex 1"]

1. e4 c6 2. c4 d5 3. exd5 cxd5 4. cxd5 Nf6 5. Nc3 Nxd5 6. Nf3 Nc6 7. Bb5 e6 8.
O-O Be7 9. Ne5 Bd7 10. Nxd5 Nxe5 11. Bxd7+ Nxd7 12. Nxe7 Qxe7 13. b4 O-O 14.
Bb2 Rfd8 15. Qf3 Nb6 16. Qg3 Qf8 17. Bc3 Rd7 18. f4 Rd5 19. f5 exf5 20. Rf4 Na4
21. Raf1 Nxc3 22. dxc3 Qc8 23. Qf3 Qe6 24. c4 Rd7 25. Qc3 g6 26. Re1 Qd6 27. g3
Rad8 28. Ref1 Qc6 29. R4f2 Rd3 30. Qc1 R8d4 31. Qg5 Rg4 32. Qe7 h5 33. b5 Qxc4
34. Qxb7 h4 35. Rg2 Qd4+ 36. Kh1 hxg3 37. hxg3 Kg7 38. Qc7 Qe4 39. Kh2 Qd4 40.
Re1 Rg5 41. Qe5+ Qxe5 42. Rxe5 Ra3 43. Ree2 Rg4 44. Rb2 f4 45. b6 axb6 46. gxf4
Rxf4 47. Rxb6 Rfa4 48. Rbb2 Ra5 49. Kg1 g5 50. Kf1 Kg6 51. Ke1 f5 52. Kf1 g4
53. Rgc2 Kg5 54. Kg2 R5a4 55. Kh2 g3+ 56. Kg2 Kg4 57. Kg1 f4 58. Kh1 Rd3 59.
Rc1 Rad4 60. Rbb1 Rd2 61. a4 Rxa4 62. Rc8 Rad4 63. Ra8 Kf3 64. Rf1+ Rf2 65.
Rfa1 Rd3 66. Rf8 g2+ 67. Kh2 Rf1 68. Rxf1+ gxf1=N+ 0-1

[Event "4NCL"]
[Site "Barcelo Hotel, Hinkley Island,"]
[Date "2011.01.15"]
[Round "3.54"]
[White "Rutter, Nick J"]
[Black "Singleton, Michael PF"]
[Result "1-0"]
[WhiteElo "2191"]
[BlackElo "2162"]
[PlyCount "91"]
[EventDate "2011.??.??"]
[WhiteTeam "Wessex 1"]
[BlackTeam "Guildford A&DC 2"]

1. e4 c5 2. Nf3 d6 3. d4 cxd4 4. Nxd4 Nf6 5. Nc3 g6 6. Be3 Bg7 7. f3 O-O 8. Qd2
Nc6 9. O-O-O d5 10. Kb1 e5 11. Nxc6 bxc6 12. exd5 cxd5 13. Nxd5 Be6 14. Nxf6+
Qxf6 15. Bg5 Qf5 16. g4 Qxf3 17. Bg2 Qxg4 18. Bxa8 Rxa8 19. Qd8+ Rxd8 20. Rxd8+
Bf8 21. Bh6 Qb4 22. a3 Qe7 23. Rxf8+ Qxf8 24. Bxf8 Kxf8 25. Re1 f6 26. b3 Ke7
27. c4 Kd6 28. Kb2 f5 29. Kc3 f4 30. h4 h6 31. Rg1 Bf5 32. Rd1+ Ke6 33. c5 Be4
34. Rd6+ Ke7 35. h5 g5 36. Rg6 Bf5 37. c6 g4 38. Kd2 e4 39. Rg7+ Kd6 40. Rf7
e3+ 41. Ke2 Ke5 42. Rxf5+ Kxf5 43. c7 Ke4 44. c8=Q f3+ 45. Ke1 g3 46. Qg4+ 1-0

[Event "4NCL"]
[Site "Barcelo Hotel, Hinkley Island,"]
[Date "2011.01.15"]
[Round "3.55"]
[White "Emerson, Roger"]
[Black "Jenks, Bruce"]
[Result "0-1"]
[WhiteElo "2130"]
[BlackElo "2123"]
[PlyCount "122"]
[EventDate "2011.??.??"]
[WhiteTeam "Guildford A&DC 2"]
[BlackTeam "Wessex 1"]

1. e4 c5 2. Nf3 g6 3. d4 cxd4 4. Qxd4 Nf6 5. e5 Nc6 6. Qa4 Nd5 7. Qe4 Nc7 8.
Nc3 Bg7 9. Bc4 b5 10. Bb3 Bb7 11. Bf4 Na5 12. Qe2 Nxb3 13. axb3 Ne6 14. Bg3 a6
15. O-O O-O 16. Rfd1 Rc8 17. Ne4 Qc7 18. c3 Qc6 19. Re1 Nc5 20. Nxc5 Qxc5 21.
b4 Qc6 22. Red1 f5 23. Bh4 Rfe8 24. Ne1 d6 25. e6 Qc4 26. Qxc4 Rxc4 27. Bg5 Re4
28. f3 Rxe6 29. Nd3 h6 30. Bc1 g5 31. Kf2 Kf7 32. Be3 Rf6 33. Nc1 e5 34. Nb3 f4
35. Bc1 Rfe6 36. Re1 Bf6 37. Na5 Bc8 38. b3 e4 39. Bb2 e3+ 40. Ke2 d5 41. Red1
Rd6 42. Rac1 Re7 43. Ba1 Bf5 44. Bb2 Red7 45. Ba1 h5 46. h3 g4 47. hxg4 hxg4
48. g3 fxg3 49. f4 Be4 50. Rg1 Bf3+ 51. Kxe3 g2 52. c4 Re6+ 53. Be5 Bxe5 54.
fxe5 Rxe5+ 55. Kf2 d4 56. cxb5 axb5 57. Nc6 Re2+ 58. Kg3 Re3 59. Kf4 Kf6 60.
Rc5 Re4+ 61. Kg3 d3 0-1

[Event "4NCL"]
[Site "Barcelo Hotel, Hinkley Island,"]
[Date "2011.01.15"]
[Round "3.56"]
[White "Pleasants, Allan J"]
[Black "Hunt, Daniel"]
[Result "1-0"]
[WhiteElo "2056"]
[BlackElo "2035"]
[PlyCount "63"]
[EventDate "2011.??.??"]
[WhiteTeam "Wessex 1"]
[BlackTeam "Guildford A&DC 2"]

1. Nf3 Nf6 2. d4 g6 3. g3 Bg7 4. Bg2 O-O 5. O-O d5 6. c4 dxc4 7. Qc2 Nc6 8. Rd1
Bf5 9. Qxc4 Ne4 10. Nc3 Nd6 11. Qc5 Nb8 12. Ne5 Na6 13. Qa3 f6 14. Nd3 Qc8 15.
Qb3+ Be6 16. d5 Bf7 17. Bf4 Rd8 18. Rac1 e5 19. dxe6 Bxe6 20. Bd5 Bxd5 21. Nxd5
Kh8 22. N3b4 Nxb4 23. Rxc7 Qf5 24. Qxb4 Ne8 25. e4 Qg4 26. Rcc1 Rac8 27. Qe7
Qe2 28. Nc3 Rxd1+ 29. Rxd1 Qc4 30. Rd7 Qg8 31. Rxb7 Bf8 32. Qd7 1-0

[Event "4NCL"]
[Site "Barcelo Hotel, Hinkley Island,"]
[Date "2011.01.15"]
[Round "3.57"]
[White "Stimpson, Philip M"]
[Black "de Coverly, Roger D"]
[Result "1/2-1/2"]
[WhiteElo "2095"]
[BlackElo "2065"]
[PlyCount "124"]
[EventDate "2011.??.??"]
[WhiteTeam "Guildford A&DC 2"]
[BlackTeam "Wessex 1"]

1. e4 e5 2. Nf3 Nc6 3. d4 exd4 4. Nxd4 Bb4+ 5. c3 Be7 6. Nf5 Bf6 7. Ne3 d6 8.
g3 g6 9. Bg2 Bg7 10. O-O Nf6 11. c4 O-O 12. Nc3 Re8 13. Rb1 a6 14. f4 Rb8 15.
Kh1 Nd7 16. Ned5 Nd4 17. Be3 c5 18. Ne2 Nxe2 19. Qxe2 b5 20. b3 Bb7 21. Qd3
Bxd5 22. cxd5 Qa5 23. Qc2 c4 24. bxc4 Rbc8 25. c5 Nxc5 26. Rfc1 Qa3 27. Bg1 Bf8
28. Bd4 Nxe4 29. Qxc8 Rxc8 30. Rxc8 Qd3 31. Re1 Qxd4 32. Bxe4 Qf2 33. Rcc1 h5
34. Bg2 Kh7 35. Re8 Bg7 36. Rd8 h4 37. Rf1 Qxa2 38. Rxd6 hxg3 39. hxg3 Qa3 40.
Rd7 Qxg3 41. Rf3 Qe1+ 42. Kh2 Kg8 43. d6 Bd4 44. Re7 Qh4+ 45. Bh3 Kg7 46. Re4
Bf6 47. d7 a5 48. Re8 b4 49. Kg2 b3 50. Rxb3 Qxf4 51. Rd3 Qg5+ 52. Kf3 Bd8 53.
Ke2 a4 54. Kd1 Qa5 55. Bg2 a3 56. Rxd8 Qxd8 57. Bc6 a2 58. Ra3 Qg5 59. Rxa2
Qg1+ 60. Kc2 Qf2+ 61. Kb3 Qb6+ 62. Ka3 Qa5+ 1/2-1/2

[Event "4NCL"]
[Site "Barcelo Hotel, Hinkley Island,"]
[Date "2011.01.15"]
[Round "3.58"]
[White "McGiff, Aidan Y"]
[Black "Punnett, Alan K"]
[Result "1-0"]
[WhiteElo "1725"]
[BlackElo "2063"]
[PlyCount "133"]
[EventDate "2011.??.??"]
[WhiteTeam "Wessex 1"]
[BlackTeam "Guildford A&DC 2"]

1. e4 e6 2. d4 d5 3. Nc3 Bb4 4. e5 c5 5. a3 Bxc3+ 6. bxc3 Ne7 7. h4 Qc7 8. Nf3
Bd7 9. h5 h6 10. Bd3 Ba4 11. g4 Nd7 12. g5 hxg5 13. Bxg5 f6 14. exf6 gxf6 15.
Bd2 O-O-O 16. Rb1 e5 17. dxe5 fxe5 18. Ng5 e4 19. Bf1 Rdg8 20. Bh3 d4 21. Ne6
Qc6 22. Rf1 d3 23. Rc1 Bxc2 24. Rxc2 dxc2 25. Qxc2 Rxh5 26. Nf4 Rh4 27. Be3 Nd5
28. Be6 Nxe3 29. fxe3 Rg3 30. Qf2 Rxf4 31. Qxf4 Rf3 32. Rxf3 exf3 33. Bg4 Qd5
34. Qxf3 Qd3 35. Bxd7+ Qxd7 36. Qf8+ Kc7 37. Qxc5+ Kb8 38. Ke2 Qg4+ 39. Kd3
Qd1+ 40. Ke4 Qa4+ 41. Kd3 Qd1+ 42. Kc4 Qa4+ 43. Kd5 Qd1+ 44. Qd4 Qb3+ 45. Ke5
Qb5+ 46. Qd5 Qe8+ 47. Kd4 Qa4+ 48. c4 b6 49. Qd6+ Kb7 50. e4 Qd1+ 51. Ke5 Qh5+
52. Ke6 Qh6+ 53. Kd7 Qh3+ 54. Ke8 Qh5+ 55. Kd7 Qh3+ 56. Qe6 Qxa3 57. Qc6+ Ka6
58. Qb5+ Kb7 59. Qd5+ Kb8 60. e5 Qh3+ 61. e6 a5 62. Qd6+ Kb7 63. Qc6+ Ka7 64.
Kc7 Qg3+ 65. Qd6 Qe3 66. e7 a4 67. e8=Q 1-0

[Event "4NCL"]
[Site "Barcelo Hotel, Hinkley Island,"]
[Date "2011.01.15"]
[Round "3.61"]
[White "Edgell, Ben P"]
[Black "Webb, Richard M"]
[Result "1/2-1/2"]
[WhiteElo "2109"]
[BlackElo "2268"]
[PlyCount "51"]
[EventDate "2011.??.??"]
[WhiteTeam "Sambuca Black Sheep"]
[BlackTeam "AMCA Dragons"]

1. Nf3 c5 2. g3 g6 3. Bg2 Bg7 4. O-O Nc6 5. c4 e6 6. Nc3 Nge7 7. e3 O-O 8. d4
cxd4 9. exd4 d5 10. cxd5 Nxd5 11. Nxd5 exd5 12. Be3 Bf5 13. Qd2 Be4 14. Rfd1
Re8 15. Rac1 Rc8 16. Ne1 Bxg2 17. Kxg2 Qd7 18. Nf3 a6 19. Re1 h5 20. h3 Re4 21.
Qd3 Rce8 22. Red1 R4e6 23. Ng1 Ne7 24. Bf4 Nc6 25. Be3 Ne7 26. Bf4 1/2-1/2

[Event "4NCL"]
[Site "Barcelo Hotel, Hinkley Island,"]
[Date "2011.01.15"]
[Round "3.62"]
[White "Richardson, Keith B"]
[Black "Varnam, Liam D"]
[Result "1-0"]
[WhiteElo "2118"]
[BlackElo "2112"]
[PlyCount "105"]
[EventDate "2011.??.??"]
[WhiteTeam "AMCA Dragons"]
[BlackTeam "Sambuca Black Sheep"]

1. c4 e5 2. Nc3 Nf6 3. Nf3 Nc6 4. a3 d5 5. d4 exd4 6. Nxd4 Nxd4 7. Qxd4 Be6 8.
cxd5 Nxd5 9. e4 Nxc3 10. Qxc3 Qh4 11. Bb5+ Bd7 12. Bxd7+ Kxd7 13. O-O Re8 14.
e5 Re6 15. Be3 Be7 16. Rfd1+ Kc8 17. Rac1 Bd8 18. Bxa7 c6 19. Qd3 Qe7 20. Bc5
Qe8 21. Bd6 Bc7 22. b4 Rxe5 23. Bxe5 Qxe5 24. g3 Qf6 25. Qd4 Qxd4 26. Rxd4 Re8
27. Kf1 Bb6 28. Rd2 Re6 29. Re1 Rxe1+ 30. Kxe1 Bd8 31. Ke2 Bf6 32. Ke3 h6 33.
f4 Kc7 34. Ke4 Kc8 35. h4 Bc3 36. Rd3 Bf6 37. h5 Kc7 38. g4 Be7 39. Kf5 b6 40.
g5 c5 41. b5 Kc8 42. a4 Kc7 43. Rd2 Bd6 44. Rg2 Kd7 45. g6 f6 46. Re2 Bb8 47.
Re6 Bc7 48. Rxf6 Ke7 49. Rf7+ Kd6 50. Rxc7 Kxc7 51. Ke5 Kd7 52. Kd5 Ke7 53. a5
1-0

[Event "4NCL"]
[Site "Barcelo Hotel, Hinkley Island,"]
[Date "2011.01.15"]
[Round "3.63"]
[White "Grassie, Duncan"]
[Black "Holland, James P"]
[Result "0-1"]
[WhiteElo "2110"]
[BlackElo "2110"]
[PlyCount "72"]
[EventDate "2011.??.??"]
[WhiteTeam "Sambuca Black Sheep"]
[BlackTeam "AMCA Dragons"]

1. d4 d5 2. Bg5 h6 3. Bh4 c6 4. Nf3 Qb6 5. b3 Nd7 6. e3 e5 7. dxe5 Nxe5 8. Bg3
Nxf3+ 9. Qxf3 Nf6 10. Be5 Bb4+ 11. c3 Be7 12. Bd3 Be6 13. Nd2 O-O 14. O-O Nd7
15. Bf4 Qd8 16. Rac1 Bf6 17. Bb1 Ne5 18. Qe2 Re8 19. Bxe5 Bxe5 20. f4 Bf6 21.
Qd3 g6 22. f5 Bxf5 23. Rxf5 gxf5 24. Qxf5 Qe7 25. Qh7+ Kf8 26. Qxh6+ Bg7 27.
Qf4 Qxe3+ 28. Qxe3 Rxe3 29. c4 Rae8 30. Nf3 dxc4 31. bxc4 c5 32. h4 Bh6 33. Rc2
Rxf3 34. gxf3 Re1+ 35. Kg2 Rxb1 36. Kg3 Rc1 0-1

[Event "4NCL"]
[Site "Barcelo Hotel, Hinkley Island,"]
[Date "2011.01.15"]
[Round "3.65"]
[White "Lutton, J Ezra"]
[Black "Purdon, Colin"]
[Result "1-0"]
[WhiteElo "2109"]
[BlackElo "2074"]
[PlyCount "67"]
[EventDate "2011.??.??"]
[WhiteTeam "Sambuca Black Sheep"]
[BlackTeam "AMCA Dragons"]

1. Nc3 Nf6 2. e4 e5 3. Bc4 Nc6 4. d3 Bb4 5. a3 Bxc3+ 6. bxc3 d5 7. exd5 Nxd5 8.
Qf3 Be6 9. Bd2 Qd7 10. Qg3 O-O 11. Nf3 f6 12. h4 Nde7 13. Bxe6+ Qxe6 14. h5 e4
15. dxe4 Qxe4+ 16. Kd1 Rad8 17. h6 Nf5 18. Qxc7 Rf7 19. Qh2 g6 20. Re1 Qd5 21.
Re2 Re7 22. Rxe7 Nfxe7 23. Qf4 Qd6 24. Qa4 Nd5 25. Kc1 Qc5 26. Nd4 Nxc3 27.
Qb3+ Qd5 28. Qxb7 Rd7 29. Qxc6 Ne2+ 30. Kd1 Qxd4 31. Kxe2 Re7+ 32. Kf3 Qxa1 33.
Qd5+ Rf7 34. Bb4 1-0

[Event "4NCL"]
[Site "Barcelo Hotel, Hinkley Island,"]
[Date "2011.01.15"]
[Round "3.66"]
[White "Peat, Matthew"]
[Black "Russell, Christopher"]
[Result "0-1"]
[WhiteElo "2059"]
[BlackElo "2086"]
[PlyCount "78"]
[EventDate "2011.??.??"]
[WhiteTeam "AMCA Dragons"]
[BlackTeam "Sambuca Black Sheep"]

1. c4 e6 2. g3 f5 3. Bg2 Nf6 4. Nc3 Bb4 5. Qb3 Bxc3 6. Qxc3 O-O 7. d3 d6 8. e3
e5 9. Ne2 a5 10. O-O Qe8 11. b3 Qh5 12. Qc2 Nc6 13. Nc3 g5 14. f4 gxf4 15. exf4
Nd4 16. Qd1 Qxd1 17. Rxd1 Rb8 18. Rf1 Bd7 19. Bb2 Nc2 20. fxe5 dxe5 21. Nd5 Bc6
22. Ne7+ Kf7 23. Nxc6 bxc6 24. Rac1 Ne3 25. Rfe1 Nxg2 26. Kxg2 a4 27. b4 e4 28.
Bxf6 Kxf6 29. dxe4 Rxb4 30. Re2 fxe4 31. Rc3 Ke5 32. h4 Rd8 33. Kf2 Rd4 34. Ke3
Rdxc4 35. Rxc4 Rxc4 36. Kd2 h5 37. Re1 Kd4 38. Rg1 e3+ 39. Kd1 Kd3 0-1

[Event "4NCL"]
[Site "Barcelo Hotel, Hinkley Island,"]
[Date "2011.01.15"]
[Round "3.68"]
[White "Hart, David PO"]
[Black "Sainbayar, Anuurai"]
[Result "1-0"]
[WhiteElo "2018"]
[BlackElo "1722"]
[PlyCount "64"]
[EventDate "2011.??.??"]
[WhiteTeam "AMCA Dragons"]
[BlackTeam "Sambuca Black Sheep"]

1. e4 c5 2. Nf3 Nc6 3. d4 cxd4 4. Nxd4 e5 5. Nb5 d6 6. c4 f5 7. Bd3 f4 8. g3
fxg3 9. hxg3 Nf6 10. Bg5 Be7 11. Bxf6 Bxf6 12. N1c3 Be6 13. Nd5 Rc8 14. Nxf6+
gxf6 15. Qh5+ Bf7 16. Qf5 a6 17. Qxc8 axb5 18. Qxd8+ Kxd8 19. cxb5 Nb4 20. Kd2
Kd7 21. a3 Nxd3 22. Kxd3 h5 23. Rac1 Rc8 24. Rxc8 Kxc8 25. Rc1+ Kd8 26. b6 Be8
27. Rc7 Bc6 28. Rf7 Bb5+ 29. Ke3 Bc6 30. Rxf6 Ke7 31. Rh6 Be8 32. Rh7+ Bf7 1-0

[Event "4NCL"]
[Site "Barcelo Hotel, Hinkley Island,"]
[Date "2011.01.15"]
[Round "3.71"]
[White "McMichael, Richard J"]
[Black "Quillan, Gary"]
[Result "0-1"]
[WhiteElo "2285"]
[BlackElo "2383"]
[PlyCount "152"]
[EventDate "2011.??.??"]
[WhiteTeam "Kings Head"]
[BlackTeam "3Cs 1"]

1. d4 e6 2. e4 d5 3. e5 c5 4. c3 Nc6 5. Nf3 Bd7 6. Bd3 cxd4 7. cxd4 Qb6 8. O-O
Nxd4 9. Nxd4 Qxd4 10. Nc3 Qxe5 11. Re1 Qb8 12. Nxd5 Bd6 13. Qh5 Kf8 14. Nc3 Nf6
15. Qh4 Bc6 16. Nb5 Be7 17. Bf4 Nd5 18. Bxb8 Bxh4 19. Bxa7 Be7 20. a4 Bb4 21.
Rec1 Ke7 22. Bd4 Rhd8 23. Bf1 f6 24. g3 e5 25. Bc5+ Bxc5 26. Rxc5 Nb4 27. Rc3
Rd2 28. b3 Rad8 29. Na7 Be4 30. Re1 Bf5 31. Rc7+ R8d7 32. Nc8+ Kd8 33. Rxd7+
Rxd7 34. Nb6 Rd4 35. Bg2 Nc2 36. Rc1 Rb4 37. a5 Nd4 38. Kf1 Nxb3 39. Rd1+ Rd4
40. Rxd4+ exd4 41. Bxb7 Nxa5 42. Ba6 Be6 43. Na4 Kc7 44. Bd3 h6 45. Nc5 Kd6 46.
Ne4+ Kd5 47. Nd2 Kc5 48. Ke2 Kb4 49. Ne4 Nb3 50. Kd1 Bf5 51. Kc2 Bxe4 52. Bxe4
Nc5 53. Bg6 Nd7 54. f4 Kc5 55. Kd3 Nb6 56. Be4 Nd5 57. Bf3 Ne3 58. Be2 f5 59.
Bh5 Nf1 60. Bg6 Nxh2 61. Bxf5 Nf1 62. g4 Ne3 63. Bc8 Ng2 64. Ke4 Kc4 65. g5
hxg5 66. fxg5 Kc3 67. Ba6 g6 68. Bb5 Nh4 69. Bf1 Nf5 70. Ba6 Nd6+ 71. Kd5 Nf5
72. Ke4 Kc2 73. Bd3+ Kd2 74. Ba6 Kc3 75. Ke5 d3 76. Kf6 Nh4 0-1

[Event "4NCL"]
[Site "Barcelo Hotel, Hinkley Island,"]
[Date "2011.01.15"]
[Round "3.73"]
[White "Thomas, Rik H"]
[Black "Jaunooby, Ali Reza"]
[Result "1-0"]
[WhiteElo "2197"]
[BlackElo "2207"]
[PlyCount "91"]
[EventDate "2011.??.??"]
[WhiteTeam "Kings Head"]
[BlackTeam "3Cs 1"]

1. Nf3 c5 2. g3 g6 3. Bg2 Bg7 4. O-O Nc6 5. c4 e6 6. e3 d5 7. d4 cxd4 8. cxd5
exd5 9. Nxd4 Nxd4 10. exd4 Be6 11. Qa4+ Qd7 12. Qxd7+ Kxd7 13. Nc3 Ne7 14. Bg5
f6 15. Bf4 Rac8 16. Rfe1 Rc4 17. Rad1 Rhc8 18. Rd2 g5 19. Rde2 R8c6 20. Nxd5
Nxd5 21. Bxd5 gxf4 22. Bxe6+ Rxe6 23. Rxe6 Bf8 24. Rxf6 Bb4 25. Re2 fxg3 26.
hxg3 h5 27. Rh6 Rxd4 28. Rxh5 Bd2 29. Kg2 a5 30. f3 b6 31. g4 Bf4 32. Rf5 Kc6
33. g5 Bd6 34. g6 Bc5 35. g7 Rd8 36. Rg5 Rg8 37. Re4 Kd7 38. Kh3 Be7 39. Rg6 b5
40. Kg4 Ke8 41. Kf5 Kf7 42. Re5 b4 43. Rxa5 Rxg7 44. Rxg7+ Kxg7 45. Ra7 Kf7 46.
Rc7 1-0

[Event "4NCL"]
[Site "Barcelo Hotel, Hinkley Island,"]
[Date "2011.01.15"]
[Round "3.74"]
[White "Longson, Alexander"]
[Black "Ward, Julian T"]
[Result "1-0"]
[WhiteElo "2231"]
[BlackElo "2144"]
[PlyCount "81"]
[EventDate "2011.??.??"]
[WhiteTeam "3Cs 1"]
[BlackTeam "Kings Head"]

1. e4 c5 2. Nf3 Nf6 3. e5 Nd5 4. g3 Nc6 5. Bg2 e6 6. O-O Be7 7. Re1 O-O 8. d4
cxd4 9. Nxd4 Nxd4 10. Qxd4 Nb4 11. Na3 Nc6 12. Qd3 f6 13. exf6 Bxf6 14. c4 Kh8
15. Nb5 d5 16. cxd5 exd5 17. Qxd5 Qxd5 18. Bxd5 Nb4 19. Be4 Bd7 20. Bd2 a5 21.
Nc3 Bc6 22. a3 Bd4 23. Be3 Bxe4 24. Nxe4 Nc2 25. Bxd4 Nxd4 26. Red1 Nb3 27.
Rab1 Rf7 28. Rd3 a4 29. Rbd1 h6 30. Rd8+ Rxd8 31. Rxd8+ Kh7 32. Ra8 b5 33. Nc3
Rd7 34. Nxb5 Nc5 35. Nc3 Rd2 36. Nxa4 Nd3 37. b4 Nxf2 38. b5 Nh3+ 39. Kf1 Rd3
40. Nc5 Rd5 41. b6 1-0

[Event "4NCL"]
[Site "Barcelo Hotel, Hinkley Island,"]
[Date "2011.01.15"]
[Round "3.75"]
[White "Mackenzie, Colin"]
[Black "Walton, Alan J"]
[Result "1-0"]
[WhiteElo "2118"]
[BlackElo "2175"]
[PlyCount "53"]
[EventDate "2011.??.??"]
[WhiteTeam "Kings Head"]
[BlackTeam "3Cs 1"]

1. c4 f5 2. g3 Nf6 3. Bg2 d6 4. d3 e5 5. Nc3 Be7 6. e4 Nc6 7. Nge2 O-O 8. O-O
Qe8 9. Nd5 Bd8 10. Ne3 fxe4 11. dxe4 Qg6 12. f4 Ng4 13. f5 Nxe3 14. Bxe3 Qf7
15. b3 b6 16. g4 h6 17. Rf3 Bb7 18. Rh3 Bg5 19. Bxg5 hxg5 20. Qd2 Qf6 21. Ng3
Nd8 22. Nh5 Qe7 23. Rf1 Nf7 24. f6 Qe6 25. fxg7 Rfd8 26. Rf6 Qxg4 27. Rg6 1-0

[Event "4NCL"]
[Site "Barcelo Hotel, Hinkley Island,"]
[Date "2011.01.15"]
[Round "3.76"]
[White "Adams, Philip"]
[Black "Stevenson, James AB"]
[Result "1/2-1/2"]
[WhiteElo "2122"]
[BlackElo "2097"]
[PlyCount "40"]
[EventDate "2011.??.??"]
[WhiteTeam "3Cs 1"]
[BlackTeam "Kings Head"]

1. Nf3 c5 2. c4 Nf6 3. Nc3 b6 4. g3 Bb7 5. Bg2 e6 6. O-O a6 7. b3 Be7 8. Bb2
O-O 9. e3 d6 10. Qe2 Nbd7 11. Rfd1 Ra7 12. d4 cxd4 13. exd4 Qa8 14. d5 e5 15.
Nh4 g6 16. Bh3 Re8 17. a4 Bc8 18. b4 Nf8 19. Bg2 N6d7 20. Nf3 Rc7 1/2-1/2

[Event "4NCL"]
[Site "Barcelo Hotel, Hinkley Island,"]
[Date "2011.01.15"]
[Round "3.81"]
[White "Beaumont, Chris R"]
[Black "Swanson, Stephen"]
[Result "1/2-1/2"]
[WhiteElo "2308"]
[BlackElo "2269"]
[PlyCount "82"]
[EventDate "2011.??.??"]
[WhiteTeam "Bristol 1"]
[BlackTeam "Poisoned Pawns 1"]

1. Nf3 d6 2. d4 g6 3. c4 Bg7 4. Nc3 Nd7 5. g3 e5 6. Bg2 Ne7 7. O-O O-O 8. e4 h6
9. Be3 Kh7 10. Qc2 exd4 11. Bxd4 Ne5 12. Bxe5 dxe5 13. Rfd1 Qe8 14. Nd5 Nxd5
15. cxd5 c6 16. dxc6 bxc6 17. Rd6 Be6 18. Rxc6 Rc8 19. Rxc8 Qxc8 20. Qd2 Qb8
21. b3 Qb6 22. Rd1 Rc8 23. h3 Rc5 24. Rc1 a5 25. Bf1 Rxc1 26. Qxc1 Qb7 27. Bg2
Qb4 28. Qd2 Qa3 29. Kh2 a4 30. bxa4 Qxa4 31. h4 Bxa2 32. Qe3 Bb1 33. Nd2 Bc2
34. Qc3 Bd1 35. Bf3 Bc2 36. h5 gxh5 37. Bxh5 Bxe4 38. Nxe4 Qxe4 39. Bxf7 Qf5
40. Bd5 Qxf2+ 41. Bg2 h5 1/2-1/2

[Event "4NCL"]
[Site "Barcelo Hotel, Hinkley Island,"]
[Date "2011.01.15"]
[Round "3.82"]
[White "Posazhennikov, Alex"]
[Black "Buckley, David E"]
[Result "1-0"]
[WhiteElo "2233"]
[BlackElo "2237"]
[PlyCount "93"]
[EventDate "2011.??.??"]
[WhiteTeam "Poisoned Pawns 1"]
[BlackTeam "Bristol 1"]

1. e4 Nf6 2. e5 Nd5 3. d4 d6 4. Nf3 dxe5 5. Nxe5 c6 6. Bd3 Nd7 7. Nxd7 Bxd7 8.
O-O e6 9. c4 Nf6 10. Nc3 Bd6 11. c5 Be7 12. Bf4 O-O 13. Be5 Nd5 14. Qh5 g6 15.
Qh6 Bf6 16. Ne4 Bxe5 17. dxe5 f5 18. exf6 Nxf6 19. Ng5 Qe7 20. Rae1 e5 21. h3
Rae8 22. Re3 Qg7 23. Qxg7+ Kxg7 24. Rfe1 h6 25. Nf3 Be6 26. Nxe5 Nd5 27. Nxg6
Nxe3 28. Nxf8 Bxa2 29. Ng6 Bf7 30. Nh4 Nd5 31. Nf5+ Kf8 32. Rxe8+ Bxe8 33. Nd6
b6 34. cxb6 axb6 35. Nxe8 Kxe8 36. Be4 Nb4 37. g4 Ke7 38. h4 Kf6 39. f4 Na6 40.
Bxc6 Nc5 41. Kf2 Nd3+ 42. Ke3 Nxb2 43. g5+ hxg5 44. hxg5+ Ke6 45. Ke4 Nd1 46.
f5+ Kd6 47. g6 1-0

[Event "4NCL"]
[Site "Barcelo Hotel, Hinkley Island,"]
[Date "2011.01.15"]
[Round "3.28"]
[White "Rudd, Jack"]
[Black "Dunn, Andrew"]
[Result "1-0"]
[WhiteElo "2297"]
[BlackElo "2215"]
[PlyCount "77"]
[EventDate "2011.??.??"]
[WhiteTeam "Bristol 1"]
[BlackTeam "Poisoned Pawns 1"]

1. d4 d5 2. c4 e6 3. Nc3 Nf6 4. Bg5 Be7 5. cxd5 exd5 6. e3 c6 7. Bd3 Nbd7 8.
Qc2 O-O 9. Nge2 Re8 10. O-O Nf8 11. f3 g6 12. Kh1 Ne6 13. Bh4 Ng7 14. e4 Be6
15. e5 Nd7 16. Bf2 Bf5 17. Bxf5 Nxf5 18. g4 Ng7 19. Ng3 Ne6 20. Nce2 Bg5 21.
Be1 Nf4 22. Nxf4 Bxf4 23. Ne2 Bh6 24. f4 Qb6 25. f5 c5 26. e6 fxe6 27. fxg6
cxd4 28. gxh7+ Kh8 29. Bh4 e5 30. Rf7 Qe6 31. Qf5 d3 32. Rxd7 Qxf5 33. gxf5 Rf8
34. Nc3 Rxf5 35. Nxd5 Bg7 36. Rg1 d2 37. Ne3 Rf3 38. Rgxg7 Rxe3 39. Bf6 1-0

[Event "4NCL"]
[Site "Barcelo Hotel, Hinkley Island,"]
[Date "2011.01.15"]
[Round "3.84"]
[White "Harley, Andrew D"]
[Black "Dilleigh, Stephen P"]
[Result "1/2-1/2"]
[WhiteElo "2202"]
[BlackElo "2098"]
[PlyCount "41"]
[EventDate "2011.??.??"]
[WhiteTeam "Poisoned Pawns 1"]
[BlackTeam "Bristol 1"]

1. e4 e6 2. d4 d5 3. Nc3 Nf6 4. Bg5 Bb4 5. e5 h6 6. Bd2 Bxc3 7. Bxc3 Ne4 8. Ne2
c5 9. dxc5 Nxc3 10. Nxc3 O-O 11. Qd2 Nd7 12. Qe3 Qc7 13. f4 Qxc5 14. Qxc5 Nxc5
15. b4 Nd7 16. Na4 f6 17. exf6 Rxf6 18. g3 e5 19. fxe5 Nxe5 20. O-O-O Bg4 21.
Re1 1/2-1/2

[Event "4NCL"]
[Site "Barcelo Hotel, Hinkley Island,"]
[Date "2011.01.15"]
[Round "3.85"]
[White "Stewart, Joseph"]
[Black "Byway, Paul V"]
[Result "1/2-1/2"]
[WhiteElo "2082"]
[BlackElo "2162"]
[PlyCount "82"]
[EventDate "2011.??.??"]
[WhiteTeam "Bristol 1"]
[BlackTeam "Poisoned Pawns 1"]

1. e4 c5 2. Nf3 e6 3. Qe2 Nc6 4. g3 Nf6 5. Bg2 Be7 6. O-O O-O 7. c4 d6 8. Rd1
e5 9. h3 a6 10. Nc3 Nd4 11. Nxd4 cxd4 12. Nd5 Nxd5 13. exd5 f5 14. d3 Bd7 15.
f4 Bf6 16. fxe5 Bxe5 17. Bf4 Bxf4 18. gxf4 Qh4 19. Qf2 Qxf2+ 20. Kxf2 Rfe8 21.
Re1 Kf7 22. Rxe8 Rxe8 23. Rc1 b6 24. b4 Rb8 25. Bf3 Kf6 26. h4 Re8 27. Re1 Rxe1
28. Kxe1 h6 29. Kf2 g5 30. hxg5+ hxg5 31. fxg5+ Kxg5 32. Bd1 Kf4 33. a4 a5 34.
b5 Be8 35. Be2 Bf7 36. Bf3 Be8 37. Be2 Ke5 38. Bd1 f4 39. Be2 Bg6 40. Kg2 Be8
41. Kf2 Bg6 1/2-1/2